[Event "Hualpen U1600"]
[Site "Hualpen"]
[Date "2015.12.12"]
[Round "2.6"]
[White "Navarrete Sandoval, Nicolas"]
[Black "Meneses Neira, Patricio"]
[Result "0-1"]
[WhiteElo "1077"]
[BlackElo "1538"]
[PlyCount "54"]
[EventDate "2015.12.12"]
[EventType "swiss"]
[EventRounds "9"]
[EventCountry "CHI"]
[SourceTitle "EXT 2024"]
[Source "ChessBase"]
[SourceDate "2023.10.10"]
[SourceVersion "1"]
[SourceVersionDate "2023.10.10"]
[SourceQuality "1"]

1. e4 d5 2. Nc3 d4 3. Nb5 Nc6 4. Nf3 Bg4 5. Be2 e5 6. h3 Bxf3 7. Bxf3 a6 8. Na3 Nf6 9. d3 Bd6 10. Nc4 0-0 11. Nxd6 cxd6 12. Bg5 h6 13. Bxf6 Qxf6 14. Qd2 Rfc8 15. 0-0-0 a5 16. Qe2 Nb4 17. Rd2 Nxa2+ 18. Kb1 Nb4 19. Rc1 h5 20. Bxh5 Qe6 21. b3 a4 22. Bg4 Qe8 23. Bf5 g6 24. Qg4 a3 25. h4 a2+ 26. Kb2 Qc6 27. Ka1 Qc3# 0-1